20 Biggest Cities in Every European Country with a Map - Statistics

General Stats
  • This quiz has been taken 28 times
  • The average score is 231 of 843
Answers on the Map
Answers color-coded by a green-red scale on the quiz's map according to % correct below.
 
Answer Stats
Country City Population % Correct
Iceland Reykjavík 124,847
88%
Germany Berlin 3,560,908
85%
UK Birmingham 2,631,757
85%
UK Cardiff 390,692
85%
Germany Cologne 1,125,292
85%
UK Edinburgh 521,784
85%
Germany Frankfurt 900,483
85%
UK Glasgow 970,320
85%
Germany Hamburg 1,759,377
85%
UK Liverpool 1,227,470
85%
UK London 10,416,420
85%
UK Manchester 2,535,427
85%
Belarus Minsk 1,994,796
85%
Norway Oslo 1,127,502
85%
Netherlands Amsterdam 1,235,985
81%
Germany Bremen 422,414
81%
Germany Dresden 554,612
81%
Sweden Gothenburg 622,174
81%
Finland Helsinki 1,305,893
81%
UK Leeds 1,065,607
81%
Germany Leipzig 542,313
81%
France Lyon 1,202,985
81%
Sweden Malmo 374,920
81%
France Marseille 891,463
81%
Russia Moscow 14,524,753
81%
Germany Munich 1,815,022
81%
UK Newcastle upon Tyne 760,969
81%
France Paris 9,381,921
81%
Russia Saint Petersburg 4,736,499
81%
Sweden Stockholm 1,004,498
81%
Germany Stuttgart 899,103
81%
Lithuania Vilnius 602,430
81%
Andorra Andorra la Vella 20,719
77%
Montenegro Bar 14,823
77%
Spain Barcelona 3,982,704
77%
UK Belfast 441,925
77%
Norway Bergen 276,293
77%
Spain Bilbao 741,795
77%
France Bordeaux 631,551
77%
Slovakia Bratislava 437,725
77%
Belarus Brest 346,061
77%
UK Bristol 615,703
77%
Belgium Brussels 198,314
77%
Denmark Copenhagen 1,363,296
77%
Ireland Cork 222,526
77%
Germany Dortmund 748,106
77%
Ireland Dublin 1,263,219
77%
Germany Essen 2,717,087
77%
Poland Gdansk 384,985
77%
Switzerland Geneva 203,856
77%
Belgium Ghent 272,657
77%
Germany Hanover 611,288
77%
Russia Kazan 1,132,941
77%
Ukraine Kyiv (Kiev) 2,614,581
77%
Belgium Liège 197,323
77%
Portugal Lisbon 545,796
77%
Luxembourg Luxembourg 139,241
77%
Spain Madrid 5,583,601
77%
Italy Milan 1,366,155
77%
Monaco Monaco 38,423
77%
France Montpellier 324,059
77%
France Nantes 453,523
77%
Italy Naples 908,082
77%
Portugal Porto 231,800
77%
Latvia Riga 590,260
77%
Italy Rome 2,746,984
77%
Netherlands Rotterdam 1,023,590
77%
Bosnia Sarajevo 275,524
77%
Spain Seville 699,504
77%
UK Southampton 347,446
77%
France Strasbourg 398,175
77%
Albania Tirana 389,323
77%
France Toulouse 642,224
77%
Norway Trondheim 203,018
77%
Italy Turin 856,745
77%
Spain Valencia 1,390,045
77%
Italy Venice 249,466
77%
Poland Warsaw 1,882,756
77%
Denmark Aarhus 290,598
73%
Belgium Antwerp 562,002
73%
Greece Athens 643,452
73%
Switzerland Basel 178,120
73%
Switzerland Bern 134,794
73%
UK Brighton 467,937
73%
Romania Bucharest 1,716,961
73%
Hungary Budapest 1,740,041
73%
Moldova Chișinău 644,204
73%
San Marino Citta di San Marino 4,180
73%
Ukraine Donetsk 705,832
73%
Germany Dusseldorf 907,386
73%
Ireland Galway 85,910
73%
Italy Genoa 563,947
73%
Austria Graz 305,314
73%
Netherlands Groningen 177,296
73%
Ukraine Kharkiv 1,308,892
73%
Poland Krakow 699,015
73%
France Nice 418,294
73%
Czechia Prague 1,391,508
73%
San Marino San Marino 4,180
73%
UK Sheffield 549,695
73%
Bulgaria Sofia 1,196,806
73%
Estonia Tallinn 430,805
73%
Netherlands The Hague 886,444
73%
Finland Turku 277,677
73%
Netherlands Utrecht 519,200
73%
Austria Vienna 2,028,289
73%
Poland Wrocław 508,528
73%
Croatia Zagreb 767,131
73%
Spain Zaragoza 585,533
73%
Switzerland Zurich 421,878
73%
Bosnia Banja Luka 185,042
69%
Serbia Belgrade 1,681,405
69%
Italy Bologna 390,734
69%
Hungary Debrecen 207,594
69%
Italy Florence 362,353
69%
Austria Innsbruck 132,499
69%
Lithuania Kaunas 304,210
69%
Spain Las Palmas de Gran Canaria 381,670
69%
Switzerland Lausanne 140,202
69%
France Lille 893,282
69%
Austria Linz 213,557
69%
Slovenia Ljubljana 300,354
69%
Poland Lodz 582,659
69%
Ukraine Lviv 627,280
69%
Spain Málaga 521,854
69%
Serbia Novi Sad 368,967
69%
Denmark Odense 182,387
69%
Italy Palermo 625,956
69%
Spain Palma de Mallorca 473,499
69%
UK Portsmouth 488,385
69%
Russia Rostov-on-Don 1,065,880
69%
Austria Salzburg 157,659
69%
Finland Tampere 341,696
69%
Greece Thessaloniki 309,617
69%
Norway Tromso 43,905
69%
Sweden Uppsala 255,544
69%
Liechtenstein Vaduz 6,087
69%
Vatican Vatican City 882
69%
Denmark Aalborg 120,914
65%
Spain A Coruña 272,920
65%
Italy Bari 315,473
65%
Czechia Brno 377,028
65%
Belgium Bruges 120,283
65%
Italy Catania 297,517
65%
Belgium Charleroi 205,763
65%
Romania Cluj-Napoca 286,598
65%
Ukraine Dnipro 792,115
65%
Netherlands Eindhoven 288,852
65%
Slovakia Košice 238,593
65%
Ireland Limerick 102,287
65%
Russia Nizhny Novgorod 1,196,944
65%
UK Nottingham 649,610
65%
Germany Nuremberg 644,169
65%
Russia Omsk 975,485
65%
Finland Oulu 205,137
65%
FYROM Skopje 526,502
65%
Croatia Split 160,577
65%
Norway Stavanger 244,522
65%
Italy Trieste 198,668
65%
Germany Augsburg 344,255
62%
Spain Granada 367,226
62%
France Grenoble 359,128
62%
Greece Heraklion 149,501
62%
Poland Katowice 865,777
62%
UK Leicester 530,264
62%
Russia Novosibirsk 1,331,432
62%
Montenegro Podgorica 172,139
62%
Poland Poznan 494,839
62%
Kosovo Pristina 204,925
62%
France Rennes 248,187
62%
France Rouen 311,071
62%
Russia Samara 955,599
62%
Poland Szczecin 300,314
62%
France Tours 215,625
62%
Russia Ufa 880,583
62%
Bulgaria Varna 314,607
62%
Italy Verona 255,133
62%
Spain Alicante 397,948
58%
Switzerland Biel/Bienne 55,206
58%
Germany Bonn 756,044
58%
Portugal Braga 146,543
58%
France Cannes 221,928
58%
Russia Chelyabinsk 794,411
58%
Romania Constanța 263,688
58%
Albania Durrës 101,728
58%
Netherlands Haarlem 215,404
58%
Lithuania Klaipėda 159,403
58%
Poland Lublin 300,013
58%
Ukraine Luhansk 354,296
58%
Ukraine Mariupol 375,504
58%
France Nancy 208,941
58%
Ukraine Odesa 899,157
58%
Czechia Ostrava 314,590
58%
Italy Parma 198,986
58%
Bulgaria Plovdiv 325,485
58%
Liechtenstein Schaan 6,362
58%
Romania Timișoara 250,849
58%
Moldova Tiraspol 129,500
58%
Russia Volgograd 655,020
58%
Ireland Waterford 60,079
58%
Russia Yekaterinburg 1,148,237
58%
Croatia Dubrovnik 41,562
54%
Romania Iași 271,692
54%
Germany Karlsruhe 298,556
54%
Russia Krasnodar 783,125
54%
Germany Mannheim 448,203
54%
Italy Messina 216,918
54%
Spain Murcia 330,966
54%
Italy Padua 207,694
54%
Spain Pamplona 288,215
54%
Czechia Plzeň 177,936
54%
Spain Vigo 289,688
54%
Iceland Akureyri 18,542
50%
Portugal Faro 49,360
50%
Poland Gdynia 209,918
50%
Sweden Linkoping 170,042
50%
Switzerland Lucerne 82,620
50%
Czechia Most 68,980
50%
Malta Mosta 26,684
50%
Bosnia Mostar 105,797
50%
Serbia Niš 249,501
50%
France Orléans 205,657
50%
Croatia Rijeka 107,964
50%
Switzerland St. Gallen 76,213
50%
Sweden Umea 136,399
50%
Spain Valladolid 323,201
50%
Norway Bodo 43,798
46%
UK Bournemouth 386,557
46%
Spain Gijón 255,506
46%
Austria Klagenfurt am Wörthersee 105,256
46%
Switzerland Lugano 62,315
46%
Slovenia Maribor 100,641
46%
UK Middlesbrough 349,436
46%
Italy Modena 184,739
46%
Sweden Norrkoping 145,831
46%
Spain Santa Cruz de Tenerife 357,753
46%
Italy Taranto 185,909
46%
Estonia Tartu 93,715
46%
Germany Wuppertal 662,663
46%
Netherlands Alkmaar 173,147
42%
Poland Białystok 288,641
42%
Italy Brescia 199,949
42%
Bulgaria Burgas 188,114
42%
Sweden Jonkoping 150,344
42%
Norway Kristiansand 68,659
42%
Sweden Lund 134,395
42%
Netherlands Nijmegen 193,964
42%
Ukraine Simferopol 294,735
42%
Netherlands Tilburg 202,735
42%
France Toulon 298,777
42%
Switzerland Winterthur 114,220
42%
Croatia Zadar 70,779
42%
Netherlands Breda 180,033
38%
Poland Bydgoszcz 266,908
38%
Portugal Coimbra 106,655
38%
Latvia Daugavpils 77,513
38%
Portugal Funchal 105,590
38%
Hungary Győr 131,564
38%
Ireland Kilkenny 27,184
38%
Greece Larissa 146,595
38%
Belgium Mons 97,120
38%
Hungary Szeged 170,052
38%
Sweden Vasteras 163,403
38%
Spain Vitoria-Gasteiz 246,663
38%
Albania Vlorë 66,320
38%
Germany Wiesbaden 427,270
38%
Belgium Anderlecht 128,724
35%
Romania Brașov 237,589
35%
Ireland Dundalk 43,112
35%
Denmark Esbjerg 71,921
35%
Ukraine Kherson 257,682
35%
Belgium Leuven 104,906
35%
Estonia Narva 56,103
35%
Sweden Orebro 162,017
35%
Estonia Pärnu 39,375
35%
Croatia Pula 52,220
35%
Finland Rovaniemi 53,604
35%
Russia Saratov 771,355
35%
Lithuania Šiauliai 110,463
35%
Austria Villach 65,749
35%
Russia Voronezh 879,892
35%
Netherlands Almere 187,277
31%
Romania Arad 145,078
31%
Netherlands Arnhem 193,393
31%
Malta Birkirkara 31,607
31%
Norway Drammen 129,918
31%
Luxembourg Esch-sur-Alzette 38,358
31%
Russia Krasnoyarsk 569,604
31%
Ukraine Kryvyi Rih 477,940
31%
Russia Makhachkala 717,618
31%
Slovakia Nitra 76,533
31%
FYROM Ohrid 38,818
31%
Czechia Olomouc 102,134
31%
Croatia Osijek 96,313
31%
Ukraine Poltava 242,753
31%
Switzerland Schaffhausen 36,952
31%
Netherlands s-Hertogenbosch 145,567
31%
Serbia Subotica 123,952
31%
Austria Wiener Neustadt 49,156
31%
Austria Wolfsberg 24,961
31%
Slovenia Celje 38,059
27%
UK Coventry 427,678
27%
Andorra Escaldes 15,506
27%
Switzerland Fribourg 38,039
27%
Sweden Helsingborg 153,765
27%
Netherlands Leiden 278,667
27%
Latvia Liepaja 67,286
27%
Hungary Miskolc 166,823
27%
Belgium Namur 115,029
27%
Greece Patras 170,755
27%
Italy Prato 198,326
27%
Austria Sankt Pölten 59,767
27%
Portugal Setúbal 98,470
27%
Portugal Vila Nova de Gaia 188,421
27%
Ukraine Zaporizhzhia 566,844
27%
Norway Aalesund 56,811
23%
Austria Bregenz 29,476
23%
Switzerland Chur 36,336
23%
Netherlands Dordrecht 265,349
23%
Ireland Drogheda 44,135
23%
Andorra Encamp 8,326
23%
Norway Fredrikstad 124,032
23%
Belgium Hasselt 90,249
23%
Iceland Kópavogur 35,966
23%
Finland Kuopio 91,243
23%
Albania Laç 12,854
23%
Czechia Liberec 105,229
23%
Hungary Pécs 156,801
23%
Belarus Pinsk 124,008
23%
Greece Piraeus 168,151
23%
Romania Pitești 141,275
23%
Romania Ploiești 180,540
23%
Kosovo Prizren 90,209
23%
Denmark Roskilde 52,580
23%
Bulgaria Ruse 122,116
23%
Poland Rzeszów 187,574
23%
Romania Sibiu 134,309
23%
Switzerland Sion 34,978
23%
Ireland Swords 40,776
23%
Switzerland Thun 43,476
23%
Montenegro Tivat 10,743
23%
Poland Toruń 166,921
23%
Russia Tyumen 602,535
23%
Czechia Ústí nad Labem 100,884
23%
Latvia Ventspils 32,563
23%
Russia Yaroslavl 553,086
23%
Lithuania Alytus 51,353
19%
Netherlands Amersfoort 188,879
19%
Portugal Aveiro 62,130
19%
Romania Bacău 136,087
19%
Moldova Bălți 102,457
19%
Liechtenstein Balzers 4,851
19%
Switzerland Bellinzona 43,360
19%
FYROM Bitola 69,287
19%
Montenegro Budva 19,497
19%
Ireland Carlow 27,351
19%
France Cergy 236,261
19%
Luxembourg Differdange 31,566
19%
Austria Dornbirn 52,108
19%
Albania Elbasan 66,834
19%
Sweden Gavle 104,377
19%
Norway Haugesund 47,798
19%
Iceland Ísafjörður 2,625
19%
Ukraine Ivano-Frankivsk 234,228
19%
Latvia Jelgava 54,709
19%
Finland Jyväskylä 128,911
19%
Slovenia Koper 26,410
19%
Montenegro Kotor 12,659
19%
Finland Lahti 119,469
19%
Kosovo Mitrovica 46,597
19%
Ukraine Mykolaiv 419,484
19%
Slovenia Novo Mesto 24,700
19%
Czechia Pardubice 90,755
19%
Slovakia Prešov 88,464
19%
Denmark Randers 64,057
19%
Belgium Schaerbeek 129,775
19%
Liechtenstein Schellenberg 1,179
19%
San Marino Serravalle 11,305
19%
Hungary Szombathely 79,348
19%
Liechtenstein Triesen 5,834
19%
Liechtenstein Triesenberg 2,739
19%
Bosnia Tuzla 110,979
19%
Finland Vaasa 67,789
19%
Andorra Vila 1,188
19%
Slovakia Žilina 80,727
19%
Iceland Akranes 7,249
15%
Portugal Amadora 171,454
15%
Netherlands Apeldoorn 136,166
15%
Romania Baia Mare 108,759
15%
Moldova Bender 91,000
15%
Romania Craiova 234,140
15%
Poland Częstochowa 164,337
15%
Hungary Érd 65,277
15%
Liechtenstein Eschen 4,800
15%
Iceland Grindavík 3,319
15%
Netherlands Heerlen 197,633
15%
Denmark Helsingør 47,563
15%
Latvia Jurmala 52,449
15%
Croatia Karlovac 49,377
15%
Hungary Kecskemét 114,226
15%
Estonia Kohtla-Järve 34,394
15%
Slovenia Kranj 37,966
15%
Switzerland La Chaux-de-Fonds 36,915
15%
Romania Oradea 183,105
15%
Lithuania Palanga 18,066
15%
Norway Porsgrunn 97,777
15%
Poland Radom 174,122
15%
Iceland Selfoss 7,564
15%
Albania Shkodër 61,633
15%
Croatia Šibenik 42,599
15%
Bulgaria Stara Zagora 121,207
15%
Ireland Tralee 26,079
15%
Slovakia Trnava 65,033
15%
Ukraine Vinnytsia 363,466
15%
Bosnia Zenica 110,663
15%
Netherlands Zoetermeer 137,440
15%
Norway Arendal 47,581
12%
Ireland Athlone 22,869
12%
Slovakia Banská Bystrica 78,084
12%
Bosnia Bihać 56,261
12%
Sweden Boras 115,533
12%
Romania Brăila 154,686
12%
Ireland Bray 33,512
12%
Bosnia Brčko 83,516
12%
Czechia České Budějovice 95,709
12%
Ukraine Chernihiv 244,882
12%
Luxembourg Dudelange 22,379
12%
Luxembourg Echternach 20,779
12%
Ireland Ennis 27,923
12%
Sweden Eskilstuna 107,405
12%
Austria Feldkirch 36,708
12%
Denmark Fredericia 41,243
12%
Romania Galați 217,851
12%
Estonia Haapsalu 9,838
12%
Sweden Halmstad 107,443
12%
Belarus Homyel 501,193
12%
Denmark Horsens 63,162
12%
Czechia Hradec Králové 100,090
12%
Belarus Hrodna 363,718
12%
Russia Izhevsk 586,811
12%
Finland Joensuu 72,621
12%
Czechia Karlovy Vary 53,691
12%
Austria Klosterneuburg 28,152
12%
Denmark Kolding 62,338
12%
Slovakia Komárno 33,751
12%
Switzerland Köniz 42,388
12%
Finland Kotka 50,400
12%
Finland Kouvola 47,391
12%
FYROM Kumanovo 75,051
12%
Estonia Kuressaare 13,276
12%
Andorra La Massana 5,979
12%
Portugal Leiria 54,540
12%
Austria Leoben 24,561
12%
Lithuania Marijampolė 36,704
12%
Slovakia Martin 54,168
12%
Liechtenstein Mauren 4,679
12%
Luxembourg Mersch 10,819
12%
Belgium Molenbeek-Saint-Jean 98,713
12%
Norway Moss 51,381
12%
Ireland Naas 26,180
12%
Hungary Nagykanizsa 49,302
12%
Montenegro Nikšić 32,046
12%
Serbia Novi Pazar 106,720
12%
Latvia Ogre 22,702
12%
Poland Olsztyn 145,771
12%
Lithuania Panevėžys 86,606
12%
Slovakia Poprad 51,235
12%
Finland Pori 83,479
12%
Finland Porvoo 50,610
12%
FYROM Prilep 63,308
12%
Slovenia Ptuj 18,291
12%
Latvia Salaspils 17,855
12%
Andorra Sant Julià de Lòria 7,962
12%
Romania Satu Mare 91,520
12%
Denmark Silkeborg 50,866
12%
Croatia Slavonski Brod 49,891
12%
Malta Sliema 23,978
12%
Bulgaria Sliven 78,627
12%
Croatia Solin 24,862
12%
Poland Sosnowiec 318,955
12%
Austria Steyr 38,036
12%
Hungary Székesfehérvár 101,722
12%
Hungary Szolnok 79,348
12%
Hungary Tatabánya 70,003
12%
Lithuania Telšiai 22,024
12%
Spain Terrassa 264,025
12%
FYROM Tetovo 63,176
12%
Austria Traun 25,345
12%
Latvia Tukums 15,681
12%
Switzerland Uster 35,337
12%
Lithuania Utena 27,763
12%
Latvia Valmiera 22,772
12%
Croatia Varaždin 43,782
12%
Denmark Vejle 61,310
12%
Switzerland Vernier 34,898
12%
Hungary Veszprém 64,024
12%
Estonia Viljandi 17,525
12%
Greece Volos 85,803
12%
Estonia Võru 12,022
12%
Austria Wels 65,482
12%
Hungary Zalaegerszeg 61,849
12%
Poland Zielona Góra 133,925
12%
Czechia Zlín 80,273
12%
Belgium Aalst 92,131
8%
Belarus Babruysk 205,502
8%
Austria Baden bei Wien 25,931
8%
Belarus Baranavichy 170,817
8%
Slovakia Bardejov 32,293
8%
Latvia Bauska 11,215
8%
Hungary Békéscsaba 63,752
8%
Albania Berat 40,665
8%
Bosnia Bijeljina 107,715
8%
Bulgaria Blagoevgrad 62,346
8%
San Marino Borgo Maggiore 7,015
8%
Romania Buzău 103,481
8%
Serbia Čačak 105,612
8%
Andorra Canillo 2,550
8%
Bosnia Cazin 66,149
8%
Latvia Cesis 15,449
8%
Ukraine Cherkasy 248,683
8%
Luxembourg Clervaux 22,544
8%
Bosnia Doboj 71,441
8%
Bulgaria Dobrich 70,411
8%
Slovenia Domžale 13,372
8%
Hungary Eger 56,166
8%
Iceland Egilsstaðir 2,464
8%
Liechtenstein Gamprin 1,816
8%
Albania Gjirokastër 16,569
8%
Norway Gjovik 31,723
8%
Portugal Guimarães 54,750
8%
Norway Halden 26,428
8%
Norway Hamar 31,001
8%
Finland Hämeenlinna 50,975
8%
Bulgaria Haskovo 63,776
8%
Montenegro Herceg Novi 16,075
8%
Finland Hyvinkää 43,262
8%
Latvia Jekabpils 20,863
8%
Lithuania Jonava 26,838
8%
Slovenia Kamnik 13,753
8%
Hungary Kaposvár 67,686
8%
Poland Kielce 165,834
8%
Finland Kokkola 36,887
8%
Kosovo Kosovo Polje 50,904
8%
Serbia Kragujevac 171,186
8%
Latvia Kuldiga 11,181
8%
Finland Lappeenranta 56,075
8%
Austria Leonding 29,244
8%
Slovakia Levice 32,735
8%
Albania Lezhë 14,687
8%
Estonia Maardu 15,189
8%
Latvia Marupe 17,453
8%
Lithuania Mažeikiai 33,377
8%
Belgium Mechelen 89,655
8%
Finland Mikkeli 37,218
8%
Ireland Mullingar 22,667
8%
Ireland Navan 33,886
8%
Greece Nea Smyrni 72,853
8%
Ireland Newbridge 24,366
8%
Hungary Nyíregyháza 117,658
8%
Latvia Olaine 12,475
8%
Czechia Opava 60,793
8%
Bulgaria Pazardzhik 54,652
8%
Kosovo Peja 42,497
8%
Bulgaria Pernik 66,261
8%
Luxembourg Petange 21,344
8%
Bulgaria Pleven 89,030
8%
Estonia Põlva 5,458
8%
Ireland Portlaoise 23,494
8%
Bosnia Prijedor 89,397
8%
Malta Qormi 20,964
8%
Estonia Rakvere 15,413
8%
Latvia Rezekne 26,327
8%
Serbia Šabac 105,432
8%
Latvia Saldus 11,152
8%
Norway Sandefjord 49,562
8%
Malta San Gwann 16,928
8%
Malta San Pawl il-Bahar 44,432
8%
Bosnia Sanski Most 41,475
8%
Finland Seinäjoki 51,300
8%
Bulgaria Shumen 67,300
8%
Latvia Sigulda 14,669
8%
Sweden Sodertalje 104,559
8%
Hungary Sopron 61,390
8%
FYROM Štip 42,000
8%
FYROM Strumica 33,825
8%
Latvia Talsi 9,183
8%
Romania Târgu Mureș 116,033
8%
Lithuania Tauragė 21,216
8%
Norway Tonsberg 57,267
8%
Bosnia Travnik 53,482
8%
Slovakia Trenčín 55,383
8%
Lithuania Ukmergė 20,928
8%
Montenegro Ulcinj 11,143
8%
Estonia Valga 12,334
8%
Denmark Viborg 42,234
8%
Lithuania Visaginas 19,330
8%
Bosnia Zvornik 58,856
8%
Greece Acharnes 100,857
4%
Portugal Agualva-Cacém 79,805
4%
Andorra Aixirivall 1,041
4%
Portugal Almada 85,851
4%
Andorra Anyós 1,006
4%
Andorra Arinsal 2,127
4%
Bulgaria Asenovgrad 45,474
4%
Ireland Balbriggan 24,322
4%
Portugal Barreiro 62,860
4%
Belarus Barysaw 134,732
4%
Montenegro Berane 9,532
4%
Belgium Beveren-Kruibeke-Zwijndrecht 87,927
4%
Montenegro Bijela 3,460
4%
Montenegro Bijelo Polje 12,268
4%
Croatia Bjelovar 36,316
4%
Iceland Borgarnes 1,962
4%
Croatia Čakovec 27,122
4%
Montenegro Cetinje 12,504
4%
Greece Chalandri 77,102
4%
Ukraine Chernivtsi 234,032
4%
Moldova Comrat 20,113
4%
FYROM Debar 11,735
4%
Czechia Děčín 52,589
4%
San Marino Domagnano 3,627
4%
Kosovo Drenas 12,315
4%
Andorra El Tarter 1,003
4%
Estonia Elva 5,648
4%
Luxembourg Ettelbruck 10,388
4%
Greece Evosmos 79,221
4%
Kosovo Ferizaj 55,931
4%
Albania Fier 52,926
4%
San Marino Fiorentino 2,594
4%
Czechia Frýdek-Místek 62,821
4%
Albania Fushë-Krujë 17,877
4%
Bulgaria Gabrovo 44,232
4%
FYROM Gevgelija 15,156
4%
Kosovo Gjakova 44,370
4%
Kosovo Gjilan 53,279
4%
Greece Glyfada 89,597
4%
FYROM Gostivar 32,814
4%
Bosnia Gračanica 45,220
4%
Bosnia Gradiška 51,727
4%
Sweden Haninge 104,805
4%
Czechia Havířov 83,233
4%
Denmark Herning 51,193
4%
Moldova Hîncești 12,491
4%
Denmark Holstebro 37,022
4%
Denmark Hørsholm 47,836
4%
Sweden Huddinge 114,874
4%
Slovakia Humenné 32,834
4%
Iceland Húsavík 2,323
4%
Bosnia Ilidža 66,730
4%
Greece Ilion 84,004
4%
Greece Ilioupoli 76,730
4%
Kosovo Istog 8,466
4%
Belgium Ixelles 97,120
4%
Estonia Jõhvi 10,398
4%
Kosovo Kaçanik 9,653
4%
Greece Kalamaria 92,248
4%
Greece Kallithea 97,616
4%
Kosovo Kamenica 8,931
4%
Albania Kamëz 61,739
4%
Czechia Karviná 63,193
4%
FYROM Kavadarci 32,038
4%
Bulgaria Kazanlak 41,768
4%
Lithuania Kėdainiai 23,362
4%
Estonia Keila 9,775
4%
Greece Keratsini 75,721
4%
FYROM Kičevo 23,428
4%
Czechia Kladno 75,006
4%
Kosovo Klina 8,246
4%
FYROM Kočani 24,632
4%
Denmark Køge 38,588
4%
Croatia Koprivnica 28,580
4%
Albania Korçë 43,254
4%
Serbia Kraljevo 110,196
4%
Lithuania Kretinga 16,927
4%
FYROM Kriva Palanka 13,481
4%
Serbia Kruševac 113,582
4%
Albania Kukës 15,643
4%
Andorra L'Aldosa 811
4%
Belgium La Louvière 81,674
4%
Norway Larvik 28,175
4%
Andorra Les Bons 1,156
4%
Serbia Leskovac 123,950
4%
Kosovo Lipjan 13,092
4%
Serbia Loznica 72,062
4%
Bosnia Lukavac 44,520
4%
Albania Lushnjë 26,036
4%
Greece Marousi 71,830
4%
Portugal Matosinhos 49,034
4%
Belarus Mazyr 104,517
4%
Slovakia Michalovce 38,776
4%
Slovenia Murska Sobota 10,923
4%
Sweden Nacka 114,995
4%
Denmark Næstved 44,996
4%
FYROM Negotino 12,488
4%
Greece Nikaia 88,077
4%
Slovenia Nova Gorica 13,055
4%
Slovakia Nové Zámky 37,512
4%
Portugal Odivelas 58,170
4%
Andorra Ordino 3,217
4%
Moldova Orhei 21,065
4%
Belarus Orsha 101,662
4%
Estonia Paide 8,078
4%
Serbia Pančevo 115,454
4%
Andorra Pas de la Casa 2,156
4%
Greece Peristeri 133,630
4%
Albania Peshkopi 14,710
4%
Liechtenstein Planken 507
4%
Montenegro Plav 4,121
4%
Montenegro Pljevlja 16,111
4%
Lithuania Plungė 17,259
4%
Kosovo Podujevë 20,330
4%
Albania Pogradec 17,371
4%
Belarus Polatsk 79,285
4%
Slovakia Považská Bystrica 39,271
4%
Slovakia Prievidza 45,634
4%
Portugal Queluz 75,169
4%
FYROM Radoviš 14,460
4%
Lithuania Radviliškis 15,518
4%
Kosovo Rahovec 13,642
4%
Romania Râmnicu Vâlcea 93,151
4%
Portugal Rio Tinto 64,815
4%
Montenegro Rožaje 11,215
4%
Liechtenstein Ruggell 2,598
4%
Andorra Santa Coloma 3,323
4%
Estonia Saue 5,640
4%
Luxembourg Schifflange 11,665
4%
Estonia Sillamäe 12,989
4%
Lithuania Šilutė 16,002
4%
Belgium Sint-Niklaas 82,661
4%
Croatia Sisak 40,121
4%
Andorra Sispony 833
4%
Kosovo Skenderaj 9,451
4%
Slovenia Slovenska Bistrica 8,362
4%
Serbia Smederevo 97,930
4%
Andorra Soldeu 790
4%
Serbia Sombor 70,818
4%
Slovakia Spišská Nová Ves 37,007
4%
Serbia Sremska Mitrovica 72,580
4%
FYROM Struga 15,009
4%
FYROM Sveti Nikole 11,728
4%
Denmark Taastrup 36,193
4%
Estonia Tapa 5,428
4%
Czechia Teplice 53,193
4%
Bosnia Tešanj 43,063
4%
Montenegro Tuzi 2,846
4%
Belgium Uccle 87,194
4%
Serbia Užice 69,997
4%
Serbia Valjevo 82,169
4%
Slovenia Velenje 25,642
4%
FYROM Veles 40,664
4%
Croatia Velika 61,075
4%
Bulgaria Veliko Tarnovo 59,331
4%
Iceland Vestmannaeyjar 4,284
4%
Croatia Vinkovci 30,842
4%
Portugal Viseu 60,570
4%
Serbia Vranje 74,381
4%
Bulgaria Vratsa 48,406
4%
Kosovo Vushtrri 29,276
4%
Luxembourg Wiltz 20,406
4%
Bulgaria Yambol 59,755
4%
Malta Zebbug 15,761
4%
Bosnia Živinice 57,765
4%
Serbia Zrenjanin 105,722
4%
Slovakia Zvolen 42,167
4%
San Marino Acquaviva 2,152
0%
Iceland Álftanes 2,586
0%
Malta Attard 13,658
0%
Luxembourg Bertrange 9,260
0%
Luxembourg Bettembourg 11,692
0%
Malta Birzebbugia 12,760
0%
Montenegro Burtaiši 4,477
0%
Moldova Cahul 30,018
0%
Moldova Căușeni 15,939
0%
Moldova Ceadîr-Lunga 16,605
0%
San Marino Chiesanuova 1,201
0%
Moldova Codru 15,934
0%
Moldova Drochia 13,150
0%
Moldova Dubăsari 25,700
0%
Moldova Durlești 17,210
0%
Moldova Edineț 15,520
0%
San Marino Faetano 1,221
0%
Malta Fgura 14,466
0%
Iceland Garðabær 12,912
0%
Malta Gzira 12,921
0%
Iceland Hafnarfjörður 29,409
0%
Luxembourg Hesperange 17,540
0%
Iceland Hveragerði 2,564
0%
Moldova Ialoveni 12,515
0%
Slovenia Izola 11,477
0%
Slovenia Jesenice 13,787
0%
Luxembourg Kaerjeng 11,465
0%
Croatia Kaštela 37,794
0%
Albania Kavajë 15,827
0%
Luxembourg Kayl 10,046
0%
Ukraine Khmelnytskyi 242,022
0%
Andorra La Cortinada 948
0%
Andorra La Margineda 3,323
0%
Belarus Lida 103,262
0%
Slovenia Logatec 10,080
0%
Belarus Mahilyow 352,896
0%
Belarus Maladzyechna 88,290
0%
Luxembourg Mamer 11,675
0%
Malta Marsascala 19,840
0%
France Maurepas 206,195
0%
Malta Mellieha 15,137
0%
San Marino Montegiardino 987
0%
Iceland Mosfellsbær 10,225
0%
Montenegro Mrčevac 2,672
0%
Malta Msida 18,053
0%
Belarus Navapolatsk 95,370
0%
Malta Naxxar 18,943
0%
Kosovo Obiliq 7,634
0%
Slovenia Postojna 10,041
0%
Belarus Rechytsa 64,733
0%
Luxembourg Redange-sur-Attert 21,855
0%
Montenegro Resnik 2,752
0%
Iceland Reykjanesbær 17,555
0%
Moldova Rîbnița 46,000
0%
Belarus Salihorsk 96,993
0%
Croatia Samobor 37,435
0%
Iceland Sandgerði 1,753
0%
Luxembourg Sanem 19,395
0%
Malta San Giljan 16,807
0%
Albania Sarandë 19,882
0%
Iceland Sauðárkrókur 2,574
0%
Iceland Seltjarnarnes 4,575
0%
Slovenia Škofja Loka 11,827
0%
Moldova Soroca 22,196
0%
Moldova Strășeni 18,376
0%
Luxembourg Strassen 10,736
0%
Kosovo Suhareka 9,896
0%
Albania Sukth 13,395
0%
Montenegro Šušanj 3,420
0%
Malta Swieqi 16,646
0%
Slovenia Trbovlje 13,723
0%
Moldova Ungheni 30,804
0%
Belarus Vitsyebsk 358,927
0%
Slovenia Vrhnika 9,134
0%
Malta Zabbar 18,435
0%
Malta Zejtun 13,103
0%
Belarus Zhlobin 76,304
0%
Belarus Zhozhdina 63,354
0%
Malta Zurrieq 13,197
0%
No matching quizzes found
Score Distribution
Percent of People with Each Score
Percentile by Number Answered
Your Score History
You have not taken this quiz